000 00320nam a22001217a 4500
008 160419b xxu||||| |||| 00| 0 eng d
020 _a9780323032483
020 _a9780323032483
041 _aeng
080 _a618.2
245 _aCritical Care Nursing:
_cLinda D. Urden :Kathleen M. Stacy: Mary Loungh;
942 _2udc
_cBK
999 _c1445
_d1445